00591 2200169 4500245002700000020001800027250001100045100001400056650001600070005001900086260004200105041001400147084000800161300002300169500022000192336000900412 aKometcTere LiyehText a9786020385938 aCet. 6 aTere Liye aNovel Fiksi a20231012104717 aJakartabGramedia Pustaka Utamac2019 aIndonesia a813 a384 hlm. :c20 cm. abuku ini kisah tentang petualangan 3 sahabat. raib bisa menghilang. seli bisa mengeluarkan petir. dan ali bisa melakukan apa saja. buku ini juga berkisah tentang persahabatn yang mengharumkan, pengorbanan yang tulus atext